000 01625cam a22004457a 4500
001 000092893
003 CHAP
005 20220329142909.0
008 050121d2004 mx a r 00110 spa d
010 _a89359
011 _a90331
035 _a100887
040 _cCHAP
090 _aTesis
100 0 0 _aRevuelta Pérez, Carlos Alberto.
_996719
245 1 0 _aReingeniería de laboratorios de mantenimiento y reparación del DIMA /
_c/por Carlos Alberto Revuelta Pérez.
260 _aChapingo, Méx. :
_bEl autor,
_c2004.
300 _a274 h. :
_bilus. ; anexo.
502 _aTesis (Ing. Mec. Agric.) - - UACH. Departamento de Ingeniería Mecánica Agrícola
590 _aALEPH
_b10
_c20130110
_lUCH01
_h1503
590 _aBATCH-UPD
_b10
_c20130110
_lUCH01
_h0809
590 _aBATCH-UPD
_b10
_c20130410
_lUCH01
_h0446
590 _aBATCH-UPD
_b10
_c20130914
_lUCH01
_h1238
590 _aBATCH-UPD
_b10
_c20130930
_lUCH01
_h1150
590 _aBATCH-UPD
_b10
_c20140324
_lUCH01
_h1448
590 _aBATCH-UPD
_b10
_c20141002
_lUCH01
_h0824
590 _aCONVERSION
_b10
_c20130109
_lUCH01
_h1349
590 _aE792CSJ
_b10
_c20130625
_lUCH01
_h0945
650 1 4 _aEducación
_xMetodología.
_935463
650 1 4 _aIngeniería agrícola
_xEstudio y enseñanza.
_958202
650 1 4 _aLaboratorios.
_964286
650 1 4 _aUACH
_xAdministración.
_9115801
856 _3Finding aid
_uhttp://10.13.5.2/tesis/100887.pdf
_zTeclea aquí
901 _aBK
905 _aLilia
942 _cCD
942 _n0
949 _aTesis
_bBC
_cTES
_d100887
_eTS1
_h43260
_i100887
_sb
949 _aTesis
_bBC
_cTES
_d33724000932281
_eTS2
_fc.2
_h43261
_i100887
_sb
999 _c89359
_d89359